বিজ্ঞানের ইতিহাস / (Record no. 44446)
[ view plain ]
| 000 -LEADER | |
|---|---|
| fixed length control field | 01309nam a2200265 a 4500 |
| 001 - CONTROL NUMBER | |
| control field | 44446 |
| 003 - CONTROL NUMBER IDENTIFIER | |
| rucl marc code | BD-RjUL |
| 005 - DATE AND TIME OF LATEST TRANSACTION | |
| control field | 20211209053848.0 |
| 008 - FIXED-LENGTH DATA ELEMENTS--GENERAL INFORMATION | |
| fixed length control field | 160717s1955 ii a|||| b||| 001 0 ben d |
| 020 ## - INTERNATIONAL STANDARD BOOK NUMBER | |
| Terms of availability | : IRs. 10.50 (V-1) |
| 035 ## - SYSTEM CONTROL NUMBER | |
| System control number | (BD-RjUL)44564 |
| 040 ## - CATALOGING SOURCE | |
| Original cataloging agency | BD-RjUL |
| Language of cataloging | ben |
| Transcribing agency | BD-RjUL |
| 041 ## - LANGUAGE CODE | |
| Language code of text/sound track or separate title | ben |
| 082 ## - DEWEY DECIMAL CLASSIFICATION NUMBER | |
| Edition number | 23 |
| Classification number | 509 |
| Author mark and year | SEB V-1 1955 |
| 100 1# - MAIN ENTRY--PERSONAL NAME | |
| Personal name | সেন, সমরেন্দ্রনাথ |
| 9 (RLIN) | 136413 |
| 245 10 - TITLE STATEMENT | |
| Title | বিজ্ঞানের ইতিহাস / |
| Statement of responsibility, etc. | সমরেন্দ্রনাথ সেন |
| 250 ## - EDITION STATEMENT | |
| Edition statement | ১ম সং. |
| 260 ## - PUBLICATION, DISTRIBUTION, ETC. (IMPRINT) | |
| Place of publication, distribution, etc. | কলিকাতা : |
| Name of publisher, distributor, etc. | ইন্ডিয়ান এসোসিয়েশন ফর দি কালটিভেশন অব সায়েন্স |
| Date of publication, distribution, etc. | ১৯৫৫ |
| 300 ## - PHYSICAL DESCRIPTION | |
| Pagination | খণ্ড : |
| Illustrations | চিত্র ; |
| Size | ২৪ সেমি. |
| 504 ## - BIBLIOGRAPHY, ETC. NOTE | |
| Bibliography, etc | গ্রন্থপঞ্জি ও নির্ঘন্ট সংযুক্ত |
| 505 0# - FORMATTED CONTENTS NOTE | |
| Formatted contents note | খণ্ড ১, প্রাগৈতিহাসিক কালঃ মিশর : ব্যাবিলন: বৈদিক ভারতবর্ষ : চীন : গ্রীস : আলেকজান্দ্রিয়া : রোম -- |
| 650 ## - SUBJECT ADDED ENTRY--TOPICAL TERM | |
| Topical term or geographic name as entry element | বিজ্ঞান |
| General subdivision | ইতিহাস |
| 9 (RLIN) | 123635 |
| Topical term or geographic name as entry element | science |
| General subdivision | History |
| 9 (RLIN) | 136414 |
| 942 ## - ADDED ENTRY ELEMENTS (KOHA) | |
| Source of classification or shelving scheme | Dewey Decimal Classification |
| Koha item type | Books |
| Lost status | Source of classification or shelving scheme | Damaged status | Not for loan | Collection code | Permanent Location | Current Location | Shelving location | Date acquired | Source of acquisition | Cost, normal purchase price | Total Checkouts | Full call number | Date last seen | Copy number | Koha item type | Date checked out |
|---|---|---|---|---|---|---|---|---|---|---|---|---|---|---|---|---|
| Dewey Decimal Classification | Not For Loan | Non-fiction | Central Library, University of Rajshahi | Central Library, University of Rajshahi | Reading Room | 03/06/1958 | Kamala Book Depot. , Calcutta | 10.50 | B 509 SEB V-1 1955 | 17/07/2016 | C-1 | Books | ||||
| Dewey Decimal Classification | Non-fiction | Central Library, University of Rajshahi | Central Library, University of Rajshahi | 11/03/1957 | Nawroj Kitabistan | 11.13 | 1 | B 509 SEB 1955 | 26/08/2020 | C-2 | Books | 14/01/2020 |